Sea of Thieves Fish - Statistics

General Stats
  • This quiz has been taken 40 times
    38 since last reset
  • The average score is 24 of 50
Answer Stats
Splashtails % Correct
Ruby
97%
Sun
79%
Bone
72%
Sunny
72%
Indigo
69%
Umber
69%
Shadow
66%
Ancient
59%
Sapphire
59%
Seafoam
59%
Moon
55%
Muddy
55%
Raven
55%
Snow
55%
Blackcloud
52%
Bright
52%
Charcoal
52%
Olive
52%
Shores
52%
Stone
52%
Wild
52%
Ashen
48%
Bonedust
48%
Bronze
48%
Jade
48%
Amethyst
45%
Honey
45%
Moonsky
45%
Moss
45%
Orchid
45%
Sand
45%
Sky
45%
Forsaken
41%
Rose
41%
Starshine
41%
Almond
38%
Amber
38%
Cloudy
38%
Lava
38%
Twilight
38%
Bittersweet
34%
Coral
34%
Russet
34%
Sandy
34%
Smoke
34%
Firelight
31%
Ocean
31%
Rum
31%
Watery
31%
Seashell
28%
No matching quizzes found
Score Distribution
Percent of People with Each Score
Percentile by Number Answered
Your Score History
You have not taken this quiz since the last reset